000 00420nam a2200145Ia 4500
008 090124s9999 xx 000 0 und d
082 _b133504
_a102176
245 _a भेटीलागी जीवा
250 _a1
260 _bतिबिले अनंत.
_c2005
300 _a192
630 _a भेटीलागी जीवा
730 _a भेटीलागी जीवा
942 _cBOOK
999 _c179739
_d179739